[Event "Superettan(Burgsvik-Rockaden,Umea)"]
[Site "?"]
[Date "2018.02.03"]
[Round "5"]
[White "Wickstrom, Lucas"]
[Black "Krupenski, Juri"]
[Result "0-1"]
[WhiteElo "2357"]
[BlackElo "2404"]
[PlyCount "67"]
[SourceDate "2018.03.01"]

1. d4 Nf6 2. c4 e6 3. Nf3 Bb4+ 4. Bd2 Qe7 5. Qc2 Bxd2+ 6. Nbxd2 d6 7. e3 c5 8.
dxc5 dxc5 9. Bd3 Nc6 10. a3 b6 11. O-O Bb7 12. Rfd1 O-O-O 13. Ne4 Nd7 14. Be2
Nde5 15. Nc3 f5 16. Qa4 Kb8 17. Rxd8+ Rxd8 18. Rd1 Nxf3+ 19. Bxf3 Ne5 20. Bxb7
Kxb7 21. f4 Ng4 22. Rxd8 Qxd8 23. Qd1 Qxd1+ 24. Nxd1 Ka6 25. b3 b5 26. cxb5+
Kxb5 27. Nc3+ Kc6 28. e4 Ne3 29. exf5 exf5 30. Kf2 Nc2 31. Nb1 Kd5 32. Nc3+ Kd4
33. Nb5+ Kd3 34. b4 0-1

[Event "Superettan(Burgsvik-Rockaden,Umea)"]
[Site "?"]
[Date "2018.02.03"]
[Round "5"]
[White "Andersson, Tommy"]
[Black "Nygren, David"]
[Result "1-0"]
[WhiteElo "2396"]
[BlackElo "2266"]
[PlyCount "147"]

1. d4 Nf6 2. c4 e6 3. Nf3 c5 4. e3 d5 5. Nc3 Nc6 6. Be2 a6 7. O-O Bd6 8. b3 O-O
9. Bb2 cxd4 10. exd4 dxc4 11. bxc4 Qe7 12. Rb1 Rd8 13. Qb3 Bd7 14. Rfe1 Be8 15.
d5 Na5 16. Qb6 Bc5 17. Ba3 Bxa3 18. Qxa5 Bc5 19. dxe6 fxe6 20. Nd1 b6 21. Qc3
Bg6 22. Rb3 Ne4 23. Qe5 Rxd1 24. Bxd1 Bxf2+ 25. Kf1 Bxe1 26. Kxe1 Nc5 27. h4
Nxb3 28. axb3 Rd8 29. Be2 h6 30. Qe3 Qb4+ 31. Kf1 Qd6 32. Ne5 Bc2 33. Nf3 Bd3
34. Ke1 Bxe2 35. Kxe2 Kh8 36. Qe4 Qd1+ 37. Kf2 Qxb3 38. Ne5 Qb2+ 39. Kg3 Qd4
40. Nf7+ Kg8 41. Qxe6 Rf8 42. Nxh6+ Kh7 43. Nf7 Qf6 44. Ng5+ Kh8 45. Qe4 Qf5
46. Qc6 Qf2+ 47. Kh3 Qf6 48. Qa4 Qf5+ 49. Kg3 Qe5+ 50. Kh3 b5 51. cxb5 axb5 52.
Qa7 Qf5+ 53. Kg3 b4 54. Qb7 Qf4+ 55. Kh3 Qc4 56. Qe7 Qf4 57. Ne6 Qf6 58. Nxf8
Qxe7 59. Ng6+ Kg8 60. Nxe7+ Kf7 61. Nd5 b3 62. Nc3 b2 63. Kg4 Kf6 64. Kf4 Kg6
65. g4 Kf6 66. h5 Ke6 67. g5 Ke7 68. Ke5 Kf7 69. Kf5 Kf8 70. Kg6 Kg8 71. h6
gxh6 72. Kxh6 Kh8 73. g6 Kg8 74. g7 1-0

[Event "Superettan(Burgsvik-Rockaden,Umea)"]
[Site "?"]
[Date "2018.02.03"]
[Round "5"]
[White "Malmstig, Erik"]
[Black "Andersson, Bjorn"]
[Result "1-0"]
[WhiteElo "2309"]
[BlackElo "2180"]
[PlyCount "129"]

1. c4 Nf6 2. Nc3 c5 3. Nf3 Nc6 4. e3 d6 5. b3 g6 6. Bb2 Bg7 7. d4 Bg4 8. Be2
O-O 9. O-O cxd4 10. exd4 d5 11. Na4 Rc8 12. h3 Bf5 13. Rc1 Bh6 14. Ra1 Bg7 15.
Re1 Nb4 16. Nh4 Bd7 17. Nc5 b6 18. Nxd7 Qxd7 19. Nf3 Ne4 20. a3 Nc6 21. cxd5
Nb8 22. Bc4 b5 23. Rxe4 bxc4 24. bxc4 Rxc4 25. Qb3 Qxd5 26. Nd2 Rfc8 27. Rae1
Bf6 28. Nxc4 Qxc4 29. Qxc4 Rxc4 30. Rc1 Rxc1+ 31. Bxc1 Nd7 32. d5 Be5 33. Bf4
Bxf4 34. Rxf4 Nb6 35. Rb4 Kf8 36. Rb5 Ke8 37. Ra5 Nc8 38. Kf1 Kd7 39. Ke2 Kc7
40. Kd3 Kb6 41. Ra4 Nd6 42. g4 a5 43. g5 Nf5 44. Rc4 h5 45. a4 Kb7 46. Rc5 Ka6
47. Ke4 Nd6+ 48. Ke5 Kb7 49. f3 Kb8 50. Rc6 Ne8 51. Ra6 Kb7 52. Rxa5 f6+ 53.
gxf6 exf6+ 54. Kd4 Nd6 55. Rc5 Nf5+ 56. Kd3 g5 57. Rc1 Kb6 58. Rc6+ Ka5 59.
Rxf6 Ne7 60. d6 Nc6 61. Rf5+ Kxa4 62. Rxg5 h4 63. d7 Kb4 64. Rd5 Nd8 65. f4 1-0

[Event "Superettan(Burgsvik-Rockaden,Umea)"]
[Site "?"]
[Date "2018.02.03"]
[Round "5"]
[White "Persson, Mats"]
[Black "Lindgren, Fredrik"]
[Result "0-1"]
[WhiteElo "2299"]
[BlackElo "2255"]
[PlyCount "90"]

1. e4 d6 2. d4 Nc6 3. d5 Nb8 4. c4 g6 5. Nf3 Bg7 6. Be2 Nf6 7. Nc3 O-O 8. h3 a5
9. O-O Nfd7 10. Nd4 Nc5 11. Be3 e5 12. dxe6 fxe6 13. Qc2 Nc6 14. Nxc6 bxc6 15.
Rad1 Qh4 16. Bxc5 dxc5 17. Rd3 Bd4 18. Bf3 e5 19. Ne2 h5 20. Nxd4 cxd4 21. Ra3
Rf7 22. Qd2 c5 23. Qh6 Ra6 24. Rb3 Rh7 25. Qd2 Rf7 26. Rb8 Rf8 27. Qh6 Qf6 28.
Be2 Rb6 29. Rxb6 cxb6 30. Bd3 Qg7 31. Qxg7+ Kxg7 32. h4 Kh6 33. Rd1 g5 34.
hxg5+ Kxg5 35. Bc2 Be6 36. b3 h4 37. Rd3 Bg4 38. Kf1 Rh8 39. Ke1 h3 40. gxh3
Rxh3 41. Rxh3 Bxh3 42. f3 Kf4 43. Kf2 Be6 44. Bd3 Bf7 45. Bf1 Bh5 0-1

[Event "Superettan(Burgsvik-Rockaden,Umea)"]
[Site "?"]
[Date "2018.02.03"]
[Round "5"]
[White "Lindgren, Mats"]
[Black "Vovk, Ilja"]
[Result "1/2-1/2"]
[WhiteElo "2217"]
[BlackElo "2281"]
[PlyCount "88"]

1. e4 c6 2. d4 d5 3. exd5 cxd5 4. c4 Nf6 5. Nc3 g6 6. cxd5 Bg7 7. Qb3 O-O 8.
Be2 Na6 9. Bf3 Qb6 10. Qxb6 axb6 11. Nge2 Nb4 12. O-O Rd8 13. Bg5 Nbxd5 14.
Nxd5 Nxd5 15. Nc3 Nf6 16. Rad1 h6 17. Bf4 Bg4 18. Bxg4 Nxg4 19. h3 Nf6 20. Bc7
Rd7 21. Bxb6 Nd5 22. Bc5 Nxc3 23. bxc3 Rxa2 24. Ra1 Rc2 25. Rfc1 Rxc1+ 26. Rxc1
e5 27. Rb1 exd4 28. cxd4 Bf8 29. Kf1 Bxc5 30. dxc5 Kf8 31. Rb6 Rc7 32. Ke2 Ke8
33. Kd3 Kd8 34. Kc4 Rd7 35. c6 bxc6 36. Rxc6 Rd2 37. Rf6 Ke7 38. Rf3 f5 39. Kc3
Ra2 40. Kd4 Ke6 41. g3 g5 42. Rb3 Kf6 43. Rb6+ Kg7 44. Ke3 Ra3+ 1/2-1/2

[Event "Superettan(Burgsvik-Rockaden,Umea)"]
[Site "?"]
[Date "2018.02.03"]
[Round "5"]
[White "Larsson, Victor"]
[Black "Eriksson, Jorgen"]
[Result "1/2-1/2"]
[WhiteElo "2180"]
[BlackElo "2209"]
[PlyCount "44"]

1. d4 e6 2. c4 d5 3. Nc3 Nf6 4. cxd5 exd5 5. Bg5 Be7 6. e3 c6 7. Qc2 Nbd7 8.
Bd3 h6 9. Bh4 Nh5 10. Bxe7 Qxe7 11. Nge2 Nb6 12. h3 Bd7 13. O-O-O O-O-O 14. Kb1
Kb8 15. Rhe1 Rhe8 16. g4 Nf6 17. Ng3 Qd6 18. Nce2 g6 19. Nf4 Rc8 20. Rc1 Rcd8
21. Rcd1 Rc8 22. Rc1 Rcd8 1/2-1/2

[Event "Superettan(Burgsvik-Rockaden,Umea)"]
[Site "?"]
[Date "2018.02.03"]
[Round "5"]
[White "Mardell, Jimmy"]
[Black "Nygren, Kim"]
[Result "0-1"]
[WhiteElo "2139"]
[BlackElo "2146"]
[PlyCount "60"]

1. e4 e6 2. d4 d5 3. Nc3 Bb4 4. e5 c5 5. a3 Bxc3+ 6. bxc3 Qa5 7. Bd2 Qa4 8. Qb1
a6 9. Qb3 Qd7 10. a4 Nc6 11. Nf3 Nge7 12. Qa3 c4 13. h4 O-O 14. h5 f6 15. Bf4
Qe8 16. Qc1 Bd7 17. Be2 Qf7 18. h6 g5 19. exf6 gxf4 20. fxe7 Qxe7 21. Rh5 Be8
22. Rg5+ Bg6 23. Qa3 Qf6 24. Kf1 Kh8 25. Rb1 Rf7 26. Qc1 Be4 27. Rg7 Rg8 28.
Rxb7 Rxb7 29. Rxb7 Qxh6 30. Kg1 Qh3 0-1

[Event "Superettan(Burgsvik-Rockaden,Umea)"]
[Site "?"]
[Date "2018.02.03"]
[Round "5"]
[White "Tuvesson, Mats"]
[Black "Larsson, Johan"]
[Result "1/2-1/2"]
[WhiteElo "2075"]
[BlackElo "2193"]
[PlyCount "89"]

1. d4 Nf6 2. c4 g6 3. Nc3 Bg7 4. e4 d6 5. Nf3 O-O 6. Be2 e5 7. dxe5 dxe5 8.
Qxd8 Rxd8 9. Bg5 Re8 10. Bxf6 Bxf6 11. Nd5 Bd8 12. O-O c6 13. Nc3 Ba5 14. Rac1
Bg4 15. Rfd1 Na6 16. Na4 Rad8 17. a3 Bxf3 18. Bxf3 Bd2 19. Rc2 Bh6 20. Kf1
Rxd1+ 21. Bxd1 Rd8 22. Ke1 Nc7 23. Bg4 Rd4 24. f3 Bf8 25. b4 a5 26. bxa5 Bxa3
27. Bc8 Bb4+ 28. Ke2 Bxa5 29. Bxb7 Ne6 30. Kf2 Rd1 31. Ra2 Nd4 32. Kg3 Rc1 33.
Ba6 h5 34. Nc5 Be1+ 35. Kh3 Kg7 36. Nd3 Ne6 37. g3 Rd1 38. Nxe5 Nd4 39. Bb7 f6
40. Nxc6 Nxf3 41. Kg2 Rd2+ 42. Rxd2 Nxd2 43. e5 Nxc4 44. exf6+ Kxf6 45. Nd4
1/2-1/2

[Event "Superettan(Vasteras-Schack 08)"]
[Site "?"]
[Date "2018.02.25"]
[Round "5"]
[White "Laveryd, Peter"]
[Black "Akesson, Ralf"]
[Result "1/2-1/2"]
[WhiteElo "2353"]
[BlackElo "2443"]
[PlyCount "43"]

1. e4 c6 2. Nc3 d5 3. Qe2 e6 4. g3 dxe4 5. Nxe4 Be7 6. Nf3 Nf6 7. d4 O-O 8. Bg2
b6 9. O-O Ba6 10. Nxf6+ Bxf6 11. c4 b5 12. Rd1 bxc4 13. Ne5 c3 14. Qc2 Nd7 15.
bxc3 Bxe5 16. dxe5 Qc7 17. Ba3 Rfc8 18. Bd6 Qa5 19. Bb4 Qc7 20. Bd6 Qa5 21. Bb4
Qc7 22. Bd6 1/2-1/2

[Event "Superettan(Vasteras-Schack 08)"]
[Site "?"]
[Date "2018.02.25"]
[Round "5"]
[White "Sjodahl, Pontus"]
[Black "Karlsson, Tomas"]
[Result "1/2-1/2"]
[WhiteElo "2414"]
[BlackElo "2251"]
[PlyCount "56"]

1. Nf3 d5 2. e3 Nf6 3. c4 e6 4. b3 Be7 5. Bb2 O-O 6. Be2 c5 7. O-O Nc6 8. d4 b6
9. cxd5 Nxd5 10. dxc5 Bxc5 11. Bc4 Nf6 12. Qe2 Qc7 13. Nbd2 Bb7 14. Bxf6 gxf6
15. Ba6 Bxa6 16. Qxa6 Nb4 17. Qc4 Nd5 18. Qh4 Qe7 19. Rac1 Kg7 20. Qh5 f5 21.
Rc4 h6 22. Rh4 Rh8 23. Rh3 Nf6 24. Rg3+ Kf8 25. Qh4 Ng4 26. Qh5 Nf6 27. Qh4 Ng4
28. Qh5 Nf6 1/2-1/2

[Event "Superettan(Vasteras-Schack 08)"]
[Site "?"]
[Date "2018.02.25"]
[Round "5"]
[White "Norberg, Johan"]
[Black "Renman, Nils-Gustaf"]
[Result "0-1"]
[WhiteElo "2292"]
[BlackElo "2350"]
[PlyCount "72"]

1. e4 e6 2. d4 d5 3. exd5 exd5 4. Bd3 Nf6 5. c3 Bd6 6. Ne2 O-O 7. Nd2 Re8 8.
Qc2 Bg4 9. Nf1 c5 10. dxc5 Bxc5 11. Ne3 Bxe2 12. Bxe2 Nc6 13. O-O d4 14. cxd4
Nxd4 15. Qxc5 Nxe2+ 16. Kh1 Ne4 17. Qb5 Nd4 18. Qd3 Qh4 19. g3 Qf6 20. f3 Nc5
21. Qc4 Qe5 22. Bd2 b5 23. Qd5 Qxd5 24. Nxd5 Rad8 25. Nf4 Ndb3 26. axb3 Rxd2
27. Rfe1 Rxe1+ 28. Rxe1 Kf8 29. Re5 Nxb3 30. Rxb5 Nd4 31. Rd5 Nxf3 32. Rxd2
Nxd2 33. Kg2 Ke7 34. Kf2 Kd6 35. g4 Nc4 36. Nd3 Ne5 0-1

[Event "Superettan(Vasteras-Schack 08)"]
[Site "?"]
[Date "2018.02.25"]
[Round "5"]
[White "Nyander, Joakim"]
[Black "Eriksson, Anders"]
[Result "1-0"]
[WhiteElo "2169"]
[BlackElo "2239"]
[PlyCount "57"]

1. c4 Nf6 2. g3 c5 3. Bg2 g6 4. Nc3 Bg7 5. e4 Nc6 6. Nge2 O-O 7. O-O Ne8 8. d3
Nc7 9. f4 Ne6 10. f5 Ned4 11. Nf4 e6 12. g4 d6 13. Rb1 exf5 14. exf5 gxf5 15.
g5 Be5 16. Qh5 Ne6 17. Kh1 Qxg5 18. Bxc6 Qxh5 19. Nxh5 bxc6 20. Bh6 Re8 21.
Rxf5 Nf8 22. Rxe5 Rxe5 23. Nf6+ Kh8 24. Bxf8 Bf5 25. Bxd6 Re6 26. Bxc5 Bxd3 27.
Rg1 a6 28. Bd4 Rd8 29. Nfd5+ 1-0

[Event "Superettan(Vasteras-Schack 08)"]
[Site "?"]
[Date "2018.02.25"]
[Round "5"]
[White "Bergstrom, Peter"]
[Black "Drugge, Patrick"]
[Result "1/2-1/2"]
[WhiteElo "2289"]
[BlackElo "2183"]
[PlyCount "76"]

1. e4 e5 2. Nf3 f5 3. Nxe5 Nc6 4. Nxc6 dxc6 5. e5 Qd4 6. Qe2 Be6 7. Qe3 Qd7 8.
b3 Ne7 9. Nc3 Ng6 10. f4 Rd8 11. Bd3 b6 12. Bb2 Bc5 13. Qg3 O-O 14. O-O-O b5
15. h4 a5 16. h5 Ne7 17. Qe1 a4 18. Rh3 axb3 19. cxb3 b4 20. Ne2 Bb6 21. Bc2 c5
22. d4 Qb5 23. dxc5 Bxc5 24. Rhd3 Ra8 25. Nd4 Bxd4 26. Rxd4 Nc6 27. R4d2 Rxa2
28. g4 fxg4 29. f5 Bxf5 30. Bxf5 Rxf5 31. e6 Ra8 32. e7 Qc5+ 33. Rc2 Qxe7 34.
Rxc6 Rc5+ 35. Rxc5 Qxc5+ 36. Kb1 Qf5+ 37. Kc1 Qc5+ 38. Kb1 Qf5+ 1/2-1/2

[Event "Superettan(Vasteras-Schack 08)"]
[Site "?"]
[Date "2018.02.25"]
[Round "5"]
[White "Adellian, Yashar"]
[Black "Jonsson, Mikael"]
[Result "0-1"]
[WhiteElo "1974"]
[BlackElo "2238"]
[PlyCount "44"]

1. e4 e5 2. Nf3 d6 3. d4 Nd7 4. Bc4 Be7 5. Nc3 Ngf6 6. h3 O-O 7. O-O c6 8. Re1
b5 9. Bd3 a6 10. b3 Re8 11. Bb2 Bf8 12. Ne2 Nh5 13. c4 Qf6 14. Qd2 Bb7 15. Rac1
Rac8 16. c5 exd4 17. Nexd4 Nxc5 18. Nxb5 Qf4 19. Rxc5 dxc5 20. Na3 Qxd2 21.
Nxd2 Rcd8 22. Re3 Nf4 0-1

[Event "Superettan(Vasteras-Schack 08)"]
[Site "?"]
[Date "2018.02.25"]
[Round "5"]
[White "Landgren, Andreas"]
[Black "Wester, Fredrik"]
[Result "1-0"]
[WhiteElo "2267"]
[BlackElo "1954"]
[PlyCount "47"]

1. d4 Nf6 2. c4 e6 3. Nc3 Bb4 4. Qc2 O-O 5. a3 Bxc3+ 6. Qxc3 d5 7. Nf3 Nbd7 8.
Bg5 h6 9. Bh4 g5 10. Bg3 Ne4 11. Qc2 c6 12. e3 f5 13. Bd3 Ndf6 14. Ne5 Kg7 15.
f3 Nxg3 16. hxg3 Nd7 17. O-O-O Qa5 18. f4 Nxe5 19. fxe5 Bd7 20. g4 dxc4 21.
Bxc4 c5 22. gxf5 Rxf5 23. g4 Rff8 24. Rxh6 1-0

[Event "Superettan(Schack 08-Burgsvik)"]
[Site "?"]
[Date "2018.02.04"]
[Round "6"]
[White "Krupenski, Juri"]
[Black "Renman, Nils-Gustaf"]
[Result "1/2-1/2"]
[WhiteElo "2404"]
[BlackElo "2350"]
[PlyCount "129"]

1. d4 d5 2. c4 c6 3. Nf3 Nf6 4. Qc2 e6 5. g3 Nbd7 6. Bg2 Be7 7. O-O O-O 8. Nbd2
b6 9. e4 Nxe4 10. Nxe4 dxe4 11. Qxe4 Bb7 12. Rd1 h6 13. Bf4 Re8 14. Ne5 Nxe5
15. Bxe5 Bf8 16. c5 Re7 17. b4 Rd7 18. b5 Rc8 19. bxc6 Bxc6 20. Qxc6 Rxc6 21.
Bxc6 Rc7 22. Bxc7 Qxc7 23. Be8 Qb8 24. cxb6 Qxe8 25. b7 Bd6 26. d5 exd5 27.
Rxd5 Qc6 28. Rad1 Bc7 29. b8=Q+ Bxb8 30. Rd8+ Kh7 31. Rxb8 Qc2 32. Ra1 a5 33.
a4 f5 34. Rb5 f4 35. Re5 fxg3 36. hxg3 Qc4 37. Re3 h5 38. Re5 Qc3 39. Rae1 h4
40. gxh4 Qd4 41. R1e4 Qd3 42. Kg2 Qc3 43. Rh5+ Kg6 44. Rg5+ Kh6 45. Re6+ Kh7
46. Reg6 Qd4 47. Rxg7+ Kh8 48. Rg8+ Kh7 49. R5g7+ Kh6 50. Rg4 Qd5+ 51. f3 Qa2+
52. Kh3 Qa1 53. Rg1 Qc3 54. R1g3 Qa1 55. Rc8 Qh1+ 56. Kg4 Qd1 57. Rc6+ Kh7 58.
Rf6 Qxa4+ 59. f4 Qd7+ 60. f5 Qd4+ 61. Kg5 Qd8 62. h5 Qd2+ 63. Kg4 Qd4+ 64. Kg5
Qd2+ 65. Kg4 1/2-1/2

[Event "Superettan(Schack 08-Burgsvik)"]
[Site "?"]
[Date "2018.02.04"]
[Round "6"]
[White "Laveryd, Peter"]
[Black "Persson, Mats"]
[Result "1-0"]
[WhiteElo "2353"]
[BlackElo "2299"]
[PlyCount "73"]

1. e4 c5 2. Nc3 e6 3. Nge2 a6 4. g3 b5 5. Bg2 Bb7 6. O-O Nf6 7. d3 Qc7 8. h3
Be7 9. g4 h6 10. Bf4 d6 11. Ng3 Nbd7 12. a4 b4 13. Nb1 a5 14. Nd2 Ne5 15. Be3
d5 16. f4 Nc6 17. e5 Nd7 18. c3 Ba6 19. Nf3 O-O-O 20. Rf2 f6 21. d4 fxe5 22.
fxe5 Rhf8 23. Rc1 c4 24. Qc2 Qb6 25. Re1 Rde8 26. Qg6 Rg8 27. Nh5 Nd8 28. Nxg7
Ref8 29. Qh7 Rh8 30. Qc2 Qc6 31. Ra1 Nb6 32. Nh5 b3 33. Qd2 Nf7 34. Nf6 Nxa4
35. Nh4 Bxf6 36. Rxf6 Ng5 37. Ng6 1-0

[Event "Superettan(Schack 08-Burgsvik)"]
[Site "?"]
[Date "2018.02.04"]
[Round "6"]
[White "Andersson, Tommy"]
[Black "Ingbrant, Johan"]
[Result "1/2-1/2"]
[WhiteElo "2396"]
[BlackElo "2368"]
[PlyCount "43"]

1. d4 d5 2. c4 dxc4 3. Nf3 Nf6 4. e3 Bg4 5. Bxc4 e6 6. Nc3 Nc6 7. h3 Bh5 8. a3
Bd6 9. Be2 a6 10. e4 Bxf3 11. Bxf3 e5 12. d5 Nd4 13. Be3 Nxf3+ 14. Qxf3 Nd7 15.
O-O O-O 16. Rac1 Qe7 17. Ne2 f5 18. exf5 e4 19. Qg4 Nf6 20. Qg5 Nxd5 21. Qxe7
Nxe7 22. g4 1/2-1/2

[Event "Superettan(Schack 08-Burgsvik)"]
[Site "?"]
[Date "2018.02.04"]
[Round "6"]
[White "Rosberg, Simon"]
[Black "Linusson, Pelle"]
[Result "1-0"]
[WhiteElo "2303"]
[BlackElo "2228"]
[PlyCount "91"]

1. Nf3 g6 2. c4 Bg7 3. Nc3 c5 4. e3 Nf6 5. d4 O-O 6. dxc5 Na6 7. Rb1 Nxc5 8.
Be2 d6 9. O-O Bf5 10. Ra1 Nfe4 11. Nd5 Bd7 12. Nd4 e6 13. Nb4 Qb6 14. Nbc2 Na4
15. Qd3 Nec5 16. Qa3 a5 17. Rd1 Rfd8 18. Rb1 e5 19. Nf3 Bf5 20. Nfe1 Bf8 21.
Bd2 Qc7 22. b3 Nb6 23. Bxa5 Rxa5 24. Qxa5 Ne4 25. Nd3 Ra8 26. Qe1 d5 27. f3 Nc5
28. Ncb4 dxc4 29. bxc4 Be6 30. Nb2 Nca4 31. Nxa4 Rxa4 32. Nd5 Bxd5 33. cxd5
Rxa2 34. Rd2 Ra3 35. e4 Bc5+ 36. Kh1 Nc8 37. Rc2 Nd6 38. Qc1 Ra5 39. Qg5 Nc8
40. f4 exf4 41. e5 Qe7 42. Qxe7 Nxe7 43. d6 Nc6 44. Bb5 Bd4 45. Bxc6 bxc6 46.
d7 1-0

[Event "Superettan(Schack 08-Burgsvik)"]
[Site "?"]
[Date "2018.02.04"]
[Round "6"]
[White "Larsson, Victor"]
[Black "Schutz, Ingemar"]
[Result "1/2-1/2"]
[WhiteElo "2180"]
[BlackElo "2200"]
[PlyCount "165"]

1. d4 Nf6 2. c4 g6 3. Nc3 Bg7 4. e4 O-O 5. Nf3 d6 6. Be2 e5 7. O-O exd4 8. Nxd4
Re8 9. f3 c6 10. Kh1 Nbd7 11. Bg5 Qb6 12. Na4 Qa5 13. Bf4 Ne5 14. Rb1 d5 15.
cxd5 cxd5 16. b4 Qd8 17. Bb5 Re7 18. Nc5 a6 19. Bxa6 bxa6 20. Bxe5 Rxe5 21. Nc6
Qe8 22. Nxe5 Qxe5 23. f4 Qh5 24. Qxh5 gxh5 25. exd5 Nxd5 26. Rbd1 Nc7 27. Rd8+
Bf8 28. f5 f6 29. Nd7 Bxd7 30. Rxd7 Ne8 31. Rb1 Rb8 32. Ra7 Rb6 33. Rb3 Ng7 34.
g3 Nxf5 35. a4 Bxb4 36. Ra8+ Kf7 37. a5 Bxa5 38. Rxb6 Bxb6 39. Rxa6 Bd4 40. Kg2
Kg6 41. Ra8 h4 42. g4 Ng7 43. Rg8 Be5 44. Kh3 Kh6 45. Kg2 Ne6 46. Kh3 Ng5+ 47.
Kxh4 Nf3+ 48. Kh3 Nxh2 49. Kg2 Bf4 50. Kf2 Bg5 51. Kg3 Nf1+ 52. Kh3 Ne3 53. Kg3
Nc4 54. Kh3 Ne5 55. Kg3 Ng6 56. Kh3 Bf4 57. Ra8 Kg5 58. Ra7 h5 59. gxh5 Kxh5
60. Rg7 Be5 61. Kg2 f5 62. Rg8 Bf4 63. Kf3 Bg5 64. Rg7 Ne5+ 65. Kg3 f4+ 66. Kh3
Ng6 67. Rf7 Ne7 68. Rf8 Nd5 69. Rh8+ Kg6 70. Kg4 Nf6+ 71. Kf3 Kf5 72. Rf8 Bh6
73. Rf7 Kg5 74. Ra7 Kf5 75. Rf7 Bg5 76. Rf8 Ke6 77. Ra8 Nd5 78. Ke4 Nc3+ 79.
Kf3 Ke5 80. Re8+ Kf5 81. Rf8+ Bf6 82. Rxf6+ Kxf6 83. Kxf4 1/2-1/2

[Event "Superettan(Schack 08-Burgsvik)"]
[Site "?"]
[Date "2018.02.04"]
[Round "6"]
[White "Karlsson, Tomas"]
[Black "Vovk, Ilja"]
[Result "0-1"]
[WhiteElo "2251"]
[BlackElo "2281"]
[PlyCount "90"]

1. e4 c6 2. d4 d5 3. Nc3 dxe4 4. Nxe4 Bf5 5. Ng3 Bg6 6. Nf3 Nd7 7. h4 h6 8. h5
Bh7 9. Bd3 Bxd3 10. Qxd3 e6 11. Bf4 Qa5+ 12. Bd2 Qc7 13. O-O-O Ngf6 14. Ne4
Nxe4 15. Qxe4 Nf6 16. Qe2 O-O-O 17. g3 Bd6 18. c4 c5 19. Bc3 cxd4 20. Nxd4 a6
21. Kb1 Rd7 22. f4 Rhd8 23. Nf3 Qc6 24. Rde1 Bc7 25. Ne5 Bxe5 26. fxe5 Ne4 27.
Qc2 Nxc3+ 28. Qxc3 Rd3 29. Qb4 Rxg3 30. Rhf1 Qd7 31. a3 Kb8 32. Ka2 Qc7 33. Re4
Rg2 34. Rf3 Rdd2 35. Rb3 Rd1 36. Qf8+ Ka7 37. Rf4 Rgg1 38. Rb4 f5 39. exf6 Qxf4
40. fxg7 Ra1+ 41. Kb3 Qg3+ 42. Ka4 Qxg7 43. Qc5+ Kb8 44. Qd6+ Qc7 45. Qf8+ Qc8
0-1

[Event "Superettan(Schack 08-Burgsvik)"]
[Site "?"]
[Date "2018.02.04"]
[Round "6"]
[White "Andersson, Bjorn"]
[Black "Drugge, Patrick"]
[Result "1/2-1/2"]
[WhiteElo "2180"]
[BlackElo "2183"]
[PlyCount "32"]

1. c4 e6 2. Nc3 d5 3. e3 c6 4. d4 Nd7 5. f4 f5 6. Nf3 Ngf6 7. Be2 Be7 8. O-O
O-O 9. Bd2 Ne4 10. Be1 Ndf6 11. Ne5 Bd7 12. Bh4 Nxc3 13. bxc3 Ne4 14. Bxe7 Qxe7
15. Qc2 Nd6 16. Rab1 b5 1/2-1/2

[Event "Superettan(Schack 08-Burgsvik)"]
[Site "?"]
[Date "2018.02.04"]
[Round "6"]
[White "Wikstrom, Per"]
[Black "Nygren, Kim"]
[Result "1/2-1/2"]
[WhiteElo "2199"]
[BlackElo "2146"]
[PlyCount "39"]

1. d4 Nf6 2. Bf4 g6 3. e3 Nh5 4. Be5 Bg7 5. Bxg7 Nxg7 6. Nf3 d6 7. Nc3 Bg4 8.
Bc4 O-O 9. h3 Bxf3 10. Qxf3 c6 11. O-O-O Nd7 12. e4 b5 13. Bd3 b4 14. Ne2 Qa5
15. Kb1 Rac8 16. h4 c5 17. dxc5 Qxc5 18. Nf4 h5 19. Nd5 Rfe8 20. Qe3 1/2-1/2

[Event "Superettan(Manhem-Kamraterna)"]
[Site "?"]
[Date "2018.02.04"]
[Round "6"]
[White "Hamark, Jesper"]
[Black "Rozentalis, Eduardas"]
[Result "0-1"]
[WhiteElo "2333"]
[BlackElo "2527"]
[PlyCount "106"]

1. c4 b6 2. d4 e6 3. e4 Bb7 4. Nc3 Bb4 5. Qc2 Bxc3+ 6. bxc3 d6 7. Bd3 Nd7 8. f4
Qh4+ 9. Kf1 e5 10. Nf3 Qe7 11. Kf2 Ngf6 12. Re1 O-O 13. Kg1 Rfe8 14. fxe5 dxe5
15. d5 a5 16. Kh1 Bc8 17. Be3 Nc5 18. Nd2 Bd7 19. Bg1 Nh5 20. Nb3 Ba4 21. Bf1
Nf6 22. Qb1 Nfd7 23. Qb2 Rab8 24. Rab1 Nb7 25. Qc1 Red8 26. Qb2 Qd6 27. Qc1 f6
28. Qb2 Ndc5 29. Qc2 Be8 30. Be2 a4 31. Nd2 Ra8 32. Bg4 Qe7 33. Bf3 Ra5 34. Bg4
Nd6 35. Rf1 Bd7 36. Bxd7 Qxd7 37. Rfe1 Rda8 38. Rb4 Qe8 39. Bf2 h6 40. Bg1 Na6
41. Rbb1 Nc5 42. Rb4 Nd7 43. Qd3 Qg6 44. Bf2 Nc5 45. Qc2 a3 46. Kg1 Kh7 47. Kh1
Rf8 48. Kg1 Raa8 49. Rbb1 Rae8 50. Bxc5 bxc5 51. Qa4 f5 52. Qb3 fxe4 53. Qc2
Rf2 0-1

[Event "Superettan(Orgryte-Vaxjo)"]
[Site "?"]
[Date "2018.02.04"]
[Round "6"]
[White "Alle Wahlin, Ambjorn"]
[Black "Fransson, Patrick"]
[Result "1/2-1/2"]
[WhiteElo "2224"]
[BlackElo "2136"]
[PlyCount "120"]

1. Nf3 d5 2. d4 c6 3. c4 e6 4. e3 f5 5. Bd3 Nf6 6. O-O Bd6 7. b3 O-O 8. Ba3
Bxa3 9. Nxa3 a6 10. Qc2 Ne4 11. Ne5 Nd7 12. Nxd7 Bxd7 13. f3 Nd6 14. Qb2 Be8
15. Nb1 Bg6 16. Nd2 Qd7 17. Rae1 Rad8 18. c5 Ne8 19. b4 Nf6 20. a4 Be8 21. b5
axb5 22. axb5 g5 23. bxc6 bxc6 24. Rb1 Qg7 25. Qb7 Rf7 26. Qb6 Rc8 27. Rb4 Ra7
28. Ba6 Rcc7 29. Ra4 Nd7 30. Qb4 e5 31. Nb3 Qe7 32. Qc3 Nb8 33. Rfa1 e4 34. Nd2
Bh5 35. Bf1 Rxa4 36. Rxa4 Ra7 37. Rb4 Qc7 38. g4 fxg4 39. fxe4 g3 40. e5 gxh2+
41. Kxh2 Nd7 42. Kg1 Nf8 43. Bh3 Ng6 44. Qb2 Nh4 45. Qb1 g4 46. Bg2 Nf3+ 47.
Nxf3 gxf3 48. Bh3 Qe7 49. Kh2 Bg6 50. Qb2 Qh4 51. Rb8+ Kg7 52. Rb7+ Rxb7 53.
Qxb7+ Kh6 54. Qxc6 f2 55. Qa6 Qg5 56. Bg2 Qxe3 57. Qf6 Qxd4 58. Qf8+ Kg5 59.
Qf6+ Kh6 60. Qf8+ Kg5 1/2-1/2

[Event "Superettan(Rockaden,Umea-Kristallen)"]
[Site "?"]
[Date "2018.02.24"]
[Round "6"]
[White "Lindh, Fredrik"]
[Black "Malmstig, Erik"]
[Result "1/2-1/2"]
[WhiteElo "2250"]
[BlackElo "2309"]
[PlyCount "146"]

1. e4 c5 2. Nf3 e6 3. d4 cxd4 4. Nxd4 a6 5. Nc3 Qc7 6. Bd3 Bc5 7. Nb3 Ba7 8.
Qg4 Ne7 9. Qg3 Qxg3 10. hxg3 b5 11. e5 Nbc6 12. f4 Nb4 13. Be4 Rb8 14. a3 Nbc6
15. Bd2 h6 16. O-O-O O-O 17. g4 Rd8 18. f5 Nxe5 19. Bf4 Nxg4 20. Bxb8 Bxb8 21.
fxe6 fxe6 22. Rdf1 d5 23. Bf3 Ne3 24. Re1 Ba7 25. Nd1 N3f5 26. g4 Nd6 27. Nc3
Nc4 28. Re2 Ng6 29. Rd1 Nce5 30. Bg2 Nxg4 31. Bh3 Ne3 32. Rde1 Nf4 33. Rh2 Nxh3
34. Rxh3 Ng4 35. Rd3 Rf8 36. Nd4 Bxd4 37. Rxd4 h5 38. Ne2 Bb7 39. Rf4 e5 40.
Rxf8+ Kxf8 41. Kd2 g6 42. Nc1 Ke7 43. Nd3 Kd6 44. Rf1 Ke7 45. Re1 e4 46. Nf4
Ne5 47. Ke2 d4 48. Rd1 d3+ 49. cxd3 exd3+ 50. Ke3 Nc4+ 51. Kf2 Nxb2 52. Rd2 Nc4
53. Rxd3 Be4 54. Rc3 Kf6 55. a4 h4 56. axb5 axb5 57. Ne2 Ke5 58. Rb3 Bc6 59.
Nc3 Nd6 60. Rb4 g5 61. Rg4 Kf5 62. Rd4 Nf7 63. Nxb5 Ne5 64. Nd6+ Ke6 65. Ne4 g4
66. Nd2 Kf5 67. Nf1 Bf3 68. Ra4 Nd3+ 69. Ke3 Ne5 70. Kf2 g3+ 71. Nxg3+ hxg3+
72. Kxg3 Be4 73. Rxe4 Kxe4 1/2-1/2

[Event "Superettan(Rockaden,Umea-Kristallen)"]
[Site "?"]
[Date "2018.02.24"]
[Round "6"]
[White "Wickstrom, Lucas"]
[Black "Walinder, Lars"]
[Result "1-0"]
[WhiteElo "2357"]
[BlackElo "2205"]
[PlyCount "63"]

1. d4 d5 2. c4 e6 3. Nc3 Nf6 4. Bg5 Be7 5. e3 h6 6. Bh4 O-O 7. Nf3 b6 8. Rc1
Bb7 9. cxd5 Nxd5 10. Bxe7 Qxe7 11. Bd3 c5 12. Nxd5 exd5 13. dxc5 bxc5 14. O-O
Nd7 15. b4 c4 16. Bc2 a5 17. b5 a4 18. Nd4 Nc5 19. Qh5 Rfe8 20. Rfd1 Qd6 21. h3
Re5 22. Qh4 Rae8 23. Rb1 Ne4 24. Rbc1 g5 25. Qh5 Nxf2 26. Kxf2 Rxe3 27. Kg1 Bc8
28. Rf1 R8e7 29. Kh1 Bd7 30. Bf5 Qe5 31. Qxh6 Bxf5 32. Nxf5 1-0